| 000 | 00474nam a2200181Ia 4500 | ||
|---|---|---|---|
| 001 | 18593 | ||
| 005 | 20260306171642.0 | ||
| 008 | 260306s9999||||xx |||||||||||||| ||und|| | ||
| 041 | _aESP | ||
| 082 |
_a658.4092 _bC75 2006 |
||
| 100 |
_aCollins, James C. _eAUT |
||
| 245 | 0 |
_aEmpresas que perduran: _bprincipios exitosos de compañías triunfadoras |
|
| 260 | _c2006 | ||
| 300 |
_a383 páginas : _c23 cm. |
||
| 650 | _aGEN | ||
| 654 | _aCAN | ||
| 942 |
_cLIB _dJUS _fJUS _2ddc _n |
||
| 999 |
_c18593 _d18593 |
||